Sports Quiz

Random Sports or NBA Quiz

MINES: Top Current NBA Blockers Quiz Stats

Quiz not verified by Sporcle

Also try: NFL Leaders (2012)
Challenge
Share
Tweet
Embed
Score 0/26 Timer 05:00
0 Plays Today
Rank Player % Correct
4.???
79.9%
3.???
49.6%
14.???
42.3%
13.???
42%
20.???
39%
6.???
37.4%
8.???
37.4%
15.???
34.7%
1.???
34.4%
2.???
31.2%
17.???
26.8%
7.???
24.1%
10.???
23.3%
Rank Player % Correct
12.???
22.5%
16.???
21.4%
24.???
20.1%
11.???
17.3%
5.???
16.8%
23.???
16.8%
9.???
15.7%
21.???
13.3%
19.???
12.5%
25.???
8.4%
(*)???
5.4%
22.???
5.4%
18.???
5.1%

You're not logged in!

Compare scores with friends on all Sporcle quizzes.
Join for Free
OR
Log In

You Might Also Like...

Show Comments

Extras

Top Quizzes Today


Score Distribution

Your Account Isn't Verified!

In order to create a playlist on Sporcle, you need to verify the email address you used during registration. Go to your Sporcle Settings to finish the process.

Report this User

Report this user for behavior that violates our Community Guidelines.

Details: